logo

Bir Sreshtho Munshi Abdur Rouf Library
Jhenaidah Cadet College

এক টুকরো লাল সবুজ কাপড় / (Record no. 472)

MARC details
000 -LEADER
fixed length control field 00761nam a2200229 a 4500
001 - CONTROL NUMBER
JCCL Control Number 472
003 - CONTROL NUMBER IDENTIFIER
JCCL marc code BD-JhCC
005 - DATE AND TIME OF LATEST TRANSACTION
control field 20200206134007.0
008 - FIXED-LENGTH DATA ELEMENTS--GENERAL INFORMATION
fixed length control field 171005s2009 bg |||| |||| 000 0 ben d
020 ## - INTERNATIONAL STANDARD BOOK NUMBER
International Standard Book Number 9847009600791
035 ## - SYSTEM CONTROL NUMBER
system control number (BD-JhCC) 472
040 ## - CATALOGING SOURCE
Original cataloging agency BD-JhCC
Modifying agency BD-JhCC
041 ## - LANGUAGE CODE
Language code of Book ben
082 ## - DEWEY DECIMAL CLASSIFICATION NUMBER
Classification number 891.443
Author mark and Year IQB 2014
100 ## - MAIN ENTRY--PERSONAL NAME
Personal name ইকবাল, মুহম্মদ জাফর
245 ## - TITLE STATEMENT
Title এক টুকরো লাল সবুজ কাপড় /
Statement of responsibility, etc মুহম্মদ জাফর ইকবাল
260 ## - PUBLICATION, DISTRIBUTION, ETC. (IMPRINT)
Place of publication, distribution, etc ঢাকা;
Name of publisher, distributor, etc তাম্রলিপি
Date of publication, distribution, etc ২০০৯
300 ## - PHYSICAL DESCRIPTION
Pagination ১২৭ পৃ.;
Dimensions ২২ সে. মি.
650 ## - SUBJECT ADDED ENTRY--TOPICAL TERM
Topical term or geographic name as entry element Bengali Novel
942 ## - ADDED ENTRY ELEMENTS (KOHA)
Source of classification or shelving scheme Dewey Decimal Classification
Koha item type Books
Koha issues (borrowed), all copies 2
Holdings
Source of classification or shelving scheme Damaged status Not for loan Home library Current library Shelving location Date of accession Source of acquisition Cost, normal purchase price Total Checkouts Full call number Barcode Date last seen Date checked out Copy number Koha item type
Dewey Decimal Classification     JCC Rouf Library JCC Rouf Library General Stacks 10/05/2017 IPDC 200.00 1 891.443 IQB 2014 1356 02/12/2020 02/05/2020 C-1 Books

JCC Library | Contacts | JCC Home

Last Update on 23 September 2017
Copyright @ 2017-2020 JCC Rouf Library
Rouf Library, Jhenidah Cadet College (JCC), Bangladesh